000 00851cam a22002651 4500
001 42779
003 BD-RjUL
005 20211209053606.0
008 160615r19401949ctu b 000 0 eng
035 _a(BD-RjUL)42897
035 _a(OCoLC)411432
040 _aDLC
_cOClU
_dNcRS
_dDLC
_beng
041 _aeng
082 _a331.880973
_bLIU 1950
100 1 _aLindblom, Charles E.
_d1917-
_9131468
245 1 0 _aUnions and capitalism /
_cby Charles E. Lindblom.
260 _aNew Haven :
_bYale Univ. Press,
_c1949 [printing 1950]
300 _axi, 267 p. ;
_c21 cm.
504 _aBibliographical references included in "Notes" (p. [256]-262)
650 0 _aLabor unions
_zUnited States.
_9131469
650 0 _aMonopolies
_zUnited States.
_9131470
651 0 _aUnited States
_xEconomic policy.
_9131471
942 _2ddc
_cBK
999 _c42779
_d42779